Prvouka pro 3. ročník základní školy /

Hlavní autor: Kvasničková, Danuše, 1935-
Další autoři: Danielovská, Věra, 1942-
Jazyk: Čeština
Vydáno: Praha : Fortuna, 2002
Vydání: Vyd. 1.
Témata:
Fyzický popis: 80 s. : barev. il. ; 30 cm
Knihy
Uloženo v:
LEADER 01178nam a2200313 a 4500
001 000688524
003 CZ BrMZK
005 20090302140738.0
007 ta
008 030922s2002 xr a b p 000 0 cze d
015 |a cnb001199493 
020 |a 80-7168-823-1  |q (brož.) :  |c Kč 79,00 
035 |a (OCoLC)56869752 
040 |a BOA001  |b cze 
072 7 |a 373.2/.3  |x Předškolní a primární výchova a vzdělávání  |2 Konspekt  |9 22 
072 7 |a 37.016  |x Učební osnovy. Vyučovací předměty. Učebnice  |2 Konspekt  |9 22 
080 |a 37.016:001.101-028.31  |2 MRF 
080 |a (075.2)  |2 MRF 
100 1 |a Kvasničková, Danuše,  |d 1935-  |7 jn20010309250  |4 aut 
245 1 0 |a Prvouka pro 3. ročník základní školy /  |c Danuše Kvasničková, Věra Danielovská 
250 |a Vyd. 1. 
260 |a Praha :  |b Fortuna,  |c 2002 
300 |a 80 s. :  |b barev. il. ;  |c 30 cm 
650 0 7 |a prvouka  |7 ph115907  |2 czenas 
655 7 |a učebnice základních škol  |7 fd133773  |2 czenas 
700 1 |a Danielovská, Věra,  |d 1942-  |7 mzk2003183073  |4 aut 
910 |a BOA001  |b 4-1120.887 
990 |a BK 
996 6 |b 2610199412  |c 4-1120.887  |l MZK  |r Sklad / do 1 hodiny  |n 2  |p p.v.  |w 000688524  |u 000010  |a 1  |e BOA001  |j MZK50  |s P